مراصد الاطلاع على أسماء الأمكنة والبقاع : (رقم التسجيلة. 178754)

تفاصيل مارك
000 -LEADER
fixed length control field 01523namaa22003251i 4500
003 - CONTROL NUMBER IDENTIFIER
control field EG-GICUC
005 - DATE AND TIME OF LATEST TRANSACTION
control field 20260226114000.0
008 - FIXED-LENGTH DATA ELEMENTS--GENERAL INFORMATION
fixed length control field 260226m19451955le ||||jr|||| 00| 0 ara d
040 ## - CATALOGING SOURCE
Original cataloging agency EG-GiCUC
Language of cataloging ara
Transcribing agency EG-GiCUC
Modifying agency EG-GiCUC
Description conventions rda
082 04 - DEWEY DECIMAL CLASSIFICATION NUMBER
Edition number 21
Classification number 910.3
Item number H253
092 04 - LOCALLY ASSIGNED DEWEY CALL NUMBER (OCLC)
Edition number 21
Classification number 910.3
Item number H253
099 ## - LOCAL FREE-TEXT CALL NUMBER (OCLC)
Classification number 910.3 H253 1945
100 1# - MAIN ENTRY--PERSONAL NAME
Personal name ‏إبن عبد الحق، عبد المؤمن،
Dates associated with a name 1260-1338
Relator term مؤلف.
245 1# - TITLE STATEMENT
Title مراصد الاطلاع على أسماء الأمكنة والبقاع :
Remainder of title وهو مختصر معجم البلدان لياقوت /
Statement of responsibility, etc. صفى الدين عبد المؤمن بن عبد الحق البغدادى ؛ تحقيق وتعليق على محمد البجاوى
250 ## - EDITION STATEMENT
Edition statement الطبعة الاولى
264 ## - PRODUCTION, PUBLICATION, DISTRIBUTION, MANUFACTURE, AND COPYRIGHT NOTICE
Place of production, publication, distribution, manufacture بيروت (لبنان) :
Name of producer, publisher, distributor, manufacturer دار المعرفة،
Date of production, publication, distribution, manufacture, or copyright notice 1945-1955
300 ## - PHYSICAL DESCRIPTION
Extent ؛ (1-1624) 3 مجلدات
Other physical details .
Dimensions 24 سم
336 ## - CONTENT TYPE
Source rdacontent
Content type term text
337 ## - MEDIA TYPE
Source rdamedia
Media type term Unmediated
338 ## - CARRIER TYPE
Source rdacarrier
Carrier type term volume
504 ## - BIBLIOGRAPHY, ETC. NOTE
Bibliography, etc. note يشتمل على ارجاع ببليوجرافية
541 ## - IMMEDIATE SOURCE OF ACQUISITION NOTE
Source of acquisition د. جابر عصفور ؛
Address القاهرة ؛
Method of acquisition إهداء ؛
Date of acquisition 2024.
650 17 - SUBJECT ADDED ENTRY--TOPICAL TERM
Topical term or geographic name entry element الجغرافيا
Form subdivision معاجم
Source of heading or term qrmak
650 17 - SUBJECT ADDED ENTRY--TOPICAL TERM
Topical term or geographic name entry element الجغرافيا
Form subdivision الاعمال الاولية حتى 1800
Chronological subdivision العصور الوسطى
Source of heading or term qrmak
651 1# - SUBJECT ADDED ENTRY--GEOGRAPHIC NAME
Source of heading or term qrmak
700 0# - ADDED ENTRY--PERSONAL NAME
Personal name ياقوت بن عبد الله الحموي،
Dates associated with a name 1179?-1229
9 (RLIN) 10636
Title of a work معجم البلدان
700 0# - ADDED ENTRY--PERSONAL NAME
Personal name البجاوى، على محمد
Relator term محقق.
905 ## - Cataloger and Reviser Names
Cataloger Name Huda
942 ## - ADDED ENTRY ELEMENTS (KOHA)
Source of classification or shelving scheme Dewey Decimal Classification
Koha item type Books
Edition 21
Suppress in OPAC No
المقتنيات
Withdrawn status Lost status Source of classification or shelving scheme Damaged status Not for loan Home library Current library Date acquired Inventory number Total checkouts Full call number Barcode Date last seen Price effective from Koha item type
    Dewey Decimal Classification   Not for loan المكتبة المركزبة الجديدة - جامعة القاهرة قاعة المكتبات المهداة - الدور الرابع 26.02.2026 175165   910.3 H253 1945 v.1 Ref. J.U. 01000100175165001 26.02.2026 26.02.2026 Books
    Dewey Decimal Classification   Not for loan المكتبة المركزبة الجديدة - جامعة القاهرة قاعة المكتبات المهداة - الدور الرابع 26.02.2026 175165   910.3 H253 1945 v.2 Ref. J.U. 01000100175165002 26.02.2026 26.02.2026 Books
    Dewey Decimal Classification   Not for loan المكتبة المركزبة الجديدة - جامعة القاهرة قاعة المكتبات المهداة - الدور الرابع 26.02.2026 175165   910.3 H253 1945 v.3 Ref. J.U. 01000100175165003 26.02.2026 26.02.2026 Books
Cairo University Libraries Portal Implemented & Customized by: Eng. M. Mohamady Contacts: new-lib@cl.cu.edu.eg | cnul@cl.cu.edu.eg
CUCL logo CNUL logo
© All rights reserved — Cairo University Libraries
CUCL logo
Implemented & Customized by: Eng. M. Mohamady Contact: new-lib@cl.cu.edu.eg © All rights reserved — New Central Library
CNUL logo
Implemented & Customized by: Eng. M. Mohamady Contact: cnul@cl.cu.edu.eg © All rights reserved — Cairo National University Library